Statistiques concernant Quelle-est cette boisson alcoolisée ? n°2

Cliquez ici pour prendre le quiz!

Statistiques générales

  • Ce quiz a été pris 535 fois
  • Le résultat moyen est 7 sur 15

Statistiques - réponses

IndiceBoisson% Correct
Boisson la plus consommée du Monde après l'eau et le théBière
94%
A siroter coupé d'eau, entre deux parties de pétanquePastis
91%
Cet alcool doux partage avec le Mont-Saint-Michel la caractéristique d'être revendiqué à la fois par les cultures bretonnes et normandesCidre
65%
Prend un "e" aux Etats-Unis mais pas en EcosseWhisky
64%
On "baptise" des navires en en brisant une bouteille sur leur coqueChampagne
63%
Une liqueur bleue comme une orangeCuraçao
60%
Son nom signifie littéralement "petite eau" dans la langue des pays dont elle est originaireVodka
52%
Vin muté produit au bord du DouroPorto
46%
La fée verteAbsinthe
41%
Eau de vie de cerise parfois ajoutée à la fondue savoyardeKirsch
40%
Puisque je vous dit que c'est meilleur sans Red Bull !...Jägermeister
21%
Ce cocktail est la boisson nationale de Porto-RicoPiña Colada
15%
Liqueur très populaire en Corse et en SardaigneLiqueur de Myrte
11%
On trouve souvent une larve de papillon au fond des bouteilles de cet aloolMezcal
8%
Ce terme d'origine germanique désigne un apéritif à base de vin aromatiséVermouth
3%

Distribution des résultats

Percentile par nombre de réponses

% des personnes avec chaque résultat

Votre développement - résultats

Vous n’avez pas pris ce quiz